| 000 | 00469nam a22001817a 4500 | ||
|---|---|---|---|
| 003 | OSt | ||
| 005 | 20260121114227.0 | ||
| 008 | 260121b |||||||| |||| 00| 0 eng d | ||
| 020 | _a9789370973329 | ||
| 082 |
_a954.035 _bG15F |
||
| 100 | _aGandhi, Mahatma | ||
| 245 |
_aFreedom's battle _cBy Mahatma Gandhi |
||
| 260 |
_aDelhi _bGyan publishing house _c2025 |
||
| 300 |
_av, 341p. _bPB |
||
| 653 | _aGeneral Collection | ||
| 653 | _aMahatma gandhi | ||
| 942 |
_2ddc _cBK |
||
| 999 |
_c29016 _d29016 |
||